| 000 | 00723nam a2200277Ia 4500 | ||
|---|---|---|---|
| 001 | 025444 | ||
| 008 | 221003s2002 xx 000 0 spa d | ||
| 020 | _a84-8442-618-1 | ||
| 035 | _aCENDO_16807 | ||
| 041 | _aspa | ||
| 084 | _aCD-14775 | ||
| 100 |
_aCABEZA PEREIRO, Jaime _95876 |
||
| 245 | 0 |
_a<El> descuento de la cuota sindical / _cJaime Cabeza Pereiro |
|
| 260 |
_aValencia : _bTirant lo Blanch, _c2002 |
||
| 300 |
_a132 p. ; _c 21 cm |
||
| 490 |
_aColección laboral ; _v137 |
||
| 650 |
_aDERECHO DEL TRABAJO _937 |
||
| 650 |
_aDERECHOS SINDICALES _95 |
||
| 650 |
_aSEGURIDAD SOCIAL _916 |
||
| 901 | _a1 | ||
| 903 | _aNO | ||
| 904 | _a000 | ||
| 910 | _a2002 | ||
| 942 |
_cMONOGRAFIA _2ddc |
||
| 999 |
_c16806 _d16806 |
||